Statistics for Numbers 1 - 200

Click here to take the quiz!

General Stats

  • This quiz has been taken 26 times
  • The average score is 104 of 200

Answer Stats

HintAnswer% Correct
1
100%
10
100%
2
100%
3
100%
4
100%
5
100%
6
100%
7
100%
8
100%
9
100%
11
91%
12
91%
15
91%
16
91%
13
82%
14
82%
20
82%
17
73%
19
73%
22
73%
23
73%
24
73%
25
73%
26
73%
27
73%
28
73%
29
73%
30
73%
61
73%
18
64%
21
64%
32
64%
34
64%
41
64%
50
64%
60
64%
63
64%
65
64%
nice69
64%
112
55%
121
55%
123
55%
YOU DID IT200
55%
31
55%
33
55%
35
55%
36
55%
37
55%
38
55%
39
55%
40
55%
42
55%
43
55%
44
55%
45
55%
46
55%
47
55%
48
55%
49
55%
51
55%
52
55%
53
55%
54
55%
55
55%
56
55%
57
55%
58
55%
62
55%
64
55%
66
55%
67
55%
68
55%
81
55%
92
55%
99
55%
half way!!100
45%
101
45%
102
45%
103
45%
104
45%
105
45%
106
45%
107
45%
108
45%
109
45%
110
45%
111
45%
113
45%
114
45%
115
45%
116
45%
117
45%
118
45%
119
45%
120
45%
122
45%
124
45%
125
45%
126
45%
127
45%
128
45%
129
45%
130
45%
131
45%
132
45%
133
45%
134
45%
135
45%
136
45%
137
45%
138
45%
139
45%
140
45%
141
45%
142
45%
143
45%
144
45%
Push Youself and Do It150
45%
155
45%
160
45%
166
45%
170
45%
171
45%
177
45%
180
45%
188
45%
190
45%
199
45%
59
45%
70
45%
71
45%
72
45%
73
45%
74
45%
75
45%
76
45%
77
45%
78
45%
79
45%
80
45%
82
45%
83
45%
84
45%
85
45%
86
45%
87
45%
88
45%
89
45%
90
45%
91
45%
93
45%
94
45%
95
45%
96
45%
97
45%
98
45%
145
36%
146
36%
147
36%
148
36%
149
36%
151
36%
152
36%
153
36%
154
36%
156
36%
157
36%
158
36%
159
36%
161
36%
162
36%
163
36%
164
36%
165
36%
167
36%
168
36%
169
36%
172
36%
173
36%
174
36%
175
36%
176
36%
178
36%
179
36%
181
36%
182
36%
183
36%
184
36%
185
36%
186
36%
187
36%
189
36%
191
36%
192
36%
193
36%
194
36%
195
36%
196
36%
197
36%
198
36%

Score Distribution

Percentile by Number Answered

Percent of People with Each Score

Your Score History

You have not taken this quiz